| 000 | 02261nam0a2200361 i 4500 | ||
|---|---|---|---|
| 001 | RU\NLR\BIBL_A\010357685 | ||
| 005 | 20240921170956.0 | ||
| 021 |
_aRU _b2014-19961 _91240 |
||
| 035 | _a(NILC)RuMoRGB-006764349 | ||
| 035 | _a(NLR Aleph) 010357685 | ||
| 090 |
_a10768167 _c10768167 |
||
| 100 | _a20140516d2013 km y0rusy50 ca | ||
| 101 | 0 | _arus | |
| 102 | _aRU | ||
| 105 | _aa|||z||||01yy | ||
| 200 | 1 |
_aОсновные направления учебной деятельности в современной образовательной среде _eсборник материалов I Всероссийской заочной научно-практической конференции, г. Стерлитамак, 27 апреля 2013 г. _f[редкол.: отв. ред., к. ф.-м. н., доц. Н. Г. Шмелева и др.] |
|
| 210 |
_aСтерлитамак _cСтерлитамакский филиал БашГУ _d2013 |
||
| 215 |
_a200 с. _cил. _d20 |
||
| 300 | _aВ надзаг.: М-во образования и науки Рос. Федерации, Стерлитамак. фил., Федер. гос. бюджет. образоват. учреждения высш. проф. образования "Башк. гос. ун-т" | ||
| 320 | _aБиблиогр. в конце ст. | ||
| 606 | 1 |
_aОбразовательные учреждения _jСъезды, совещания и т.п _xУчебно-воспитательная работа _92393954 _3RU\NLR\AUTH\661427428 |
|
| 675 | _a37.01(082) | ||
| 686 | 1 | _aЧ313я431 | |
| 686 | 1 | _aЧ312я431 | |
| 702 | 1 |
_aШмелева _bН. Г. _gНаталия Георгиевна _4340 |
|
| 711 | 1 | 2 |
_a"Основные направления учебной деятельности в современной образовательной среде", всероссийская заочная научно-практическая конференция _d1 _eСтерлитамак _f2013 _9409729 _3RU\NLR\AUTH\880371607 |
| 801 | 0 |
_aRU _bRuMoRKP _c20140320 _gRCR |
|
| 801 | 2 |
_aRU _bРГБ _c20140411 _grcr |
|
| 942 | _cBOOK | ||
| 980 | _aNBR | ||